00743 a2200145 4500003000500000005001700005040000900022082001200031100001900043245004700062260003100109300001000140505043500150650001200585NUST20230126190250.0 cNust a900,YOU aYoung , Ernest aSIAM:bpeeps at Many Lands /cErnest Young aLondonbAdam Charles Black a82;p. aA Peep into Siamese History (Page-1), In Eastern Venice (Page-5), Down the River (Page-10), The Children (Page-15), Schools (Page-18), Amusements (Page-22), The Story of Buddha (Page-27), The Monks (Page-34), The Temples (Page-39),The Shaving of the Top-Knot (Page-44), Houses (Page-48), Food and Dress (Page-55), Fishing (Page-56), Rice (Page-60), A Ploughing Ceremony (Page-65), Elephants (Page-75), Trail by Ordeal (Page-79).  aHistory